Pays d’Europe par étendards présidentiels - Statistiques

Statistiques générales
  • Ce quiz a été pris 72 fois
  • Le résultat moyen est 26 sur 36
Statistiques - réponses
Par images Réponse % Correct
France
97%
Albanie
94%
Russie
94%
Suède
94%
Estonie
92%
Islande
92%
Portugal
92%
Vatican
92%
Belarus
91%
Bulgarie
91%
Slovaquie
89%
Croatie
88%
Serbie
86%
Finlande
85%
Slovénie
85%
Malte
84%
Danemark
82%
Monténégro
82%
Allemagne
80%
Hongrie
73%
Ukraine
73%
Moldavie
71%
Espagne
70%
Pologne
69%
Liechtenstein
68%
Grèce
63%
République tchèque
61%
Irlande
58%
Royaume-Uni
57%
Kosovo
48%
Belgique
46%
Lettonie
43%
Luxembourg
38%
Italie
36%
Monaco
36%
Lituanie
34%
Pays-Bas
34%
Norvège
32%
Aucun quiz correspondant
Distribution des résultats
% des personnes avec chaque résultat
Percentile par nombre de réponses
Votre historique - résultats
Vous n’avez pas pris ce quiz